1008 1269 1939 1332 1105 1836 1961 1128 1060 1820 1860 1860 1241 1721 1231 1151 1536 1689 1283 1866 1991 1731 1609 1424 1434 1003 1271 1651 1349 1931 1187 1821 1504 1198 1530 1176 1766 1471 1767 1043 1138 1494 1911 1922 1516 1841 1936 1427 1169 1226 1690 1220 1311 1830 1587 1278 1920 1134 1918 1089 1910 1138 1590 1284 1190 1460 1915 1335 1372 1303 1037 1684 1354 1787 1876 1707 1807 1631 1409 1156 1426 1480 1297 1565 1980 1628 1449 1975 1131 1074 1638 1792 1626 1842 1337 1635 1615 1102 1931 BCNSPRNW ULIB Ver.6.0+V

เปลี่ยนเป็นภาษาไทย

Change to English
 แสดงรายละเอียดบรรณานุกรม
  กลับหน้าหลัก

Brief Record : Get Marc (ISO 2709) : E-mail record : QR code < ปิดหน้าต่าง
LEADER : 00000nam 2200000uu 4500
001    13399127231
003     ULIB
008    020711s2562 th a 000 0 tha d
060    ^aWY18^bว585ห
110    ^aวิทยาลัยพยาบาลบรมราชชนนี สวรรค์ประชารักษ์ นครสวรรค์ โรงพยาบาลสวรรค์ประชารักษ์ กระทรวงสาธารณสุข
245    ^aหลักสูตรการพยาบาลเฉพาะทางสาขาเวชปฏิบัติทั่วไป(การรักษาโรคเบื้องต้น) : Program of Nursing Specialty in Nurse Practitioner(Primary Medical Care) (ฉบับ พ.ศ.2562)
250    ^aพิมพ์ครั้งที่ 1
260    ^aนครสวรรค์ :^bวิทยาลัยพยาบาลบรมราชชนนี สวรรค์ประชารักษ์ นครสวรรค์,^c2562
300    ^a83 หน้า;^b30 ซม.
650    ^aการพยาบาล^xหลักสูตร
945    ^p0^l0^i006406
999    ^aประนอม เกษจรัล
รายการนี้ยังไม่มีแท็ก
คุณยังไม่ได้ล็อกอิน คุณสามารถมีกิจกรรมร่วมกับเว็บไซต์ได้ แต่ต้องล็อกอินก่อน ::
  ล็อกอิน

รายการสื่อสารสนเทศ

ลำดับที่ ประเภท เลขเรียก/บาร์โค้ด สถานที่ สถานะ
1. Book การพยาบาล
หนังสือสำรอง
สถานะ=หนังสือสำรอง
WY18 ว585ห ฉ.1 
  Barcode: 006406
ห้องสมุดวิทยาเขตสวรรค์ประชารักษ์
►หนังสือทั่วไป
บนชั้น

BibComment


ยังไม่เคยถูกคอมเมนท์

คอมเมนท์ทรัพยากรรายการนี้
  คอมเมนท์: หลักสูตรการพยาบา..


 Copyright 2026. Bcnsprnw @Library